<?xml version="1.0" encoding="UTF-8"?><?xml-stylesheet type="text/xsl" href="static/style.xsl"?><OAI-PMH xmlns="http://www.openarchives.org/OAI/2.0/" xmlns:xsi="http://www.w3.org/2001/XMLSchema-instance" xsi:schemaLocation="http://www.openarchives.org/OAI/2.0/ http://www.openarchives.org/OAI/2.0/OAI-PMH.xsd"><responseDate>2026-04-14T05:43:49Z</responseDate><request verb="GetRecord" identifier="oai:www.recercat.cat:20.500.14342/2073" metadataPrefix="marc">https://recercat.cat/oai/request</request><GetRecord><record><header><identifier>oai:recercat.cat:20.500.14342/2073</identifier><datestamp>2025-03-11T20:19:53Z</datestamp><setSpec>com_2072_482405</setSpec><setSpec>com_2072_183628</setSpec><setSpec>col_2072_482411</setSpec></header><metadata><record xmlns="http://www.loc.gov/MARC21/slim" xmlns:dcterms="http://purl.org/dc/terms/" xmlns:xsi="http://www.w3.org/2001/XMLSchema-instance" xmlns:doc="http://www.lyncode.com/xoai" xsi:schemaLocation="http://www.loc.gov/MARC21/slim http://www.loc.gov/standards/marcxml/schema/MARC21slim.xsd">
   <leader>00925njm 22002777a 4500</leader>
   <datafield ind2=" " ind1=" " tag="042">
      <subfield code="a">dc</subfield>
   </datafield>
   <datafield ind2=" " ind1=" " tag="720">
      <subfield code="a">Figueras, Sara</subfield>
      <subfield code="e">author</subfield>
   </datafield>
   <datafield ind2=" " ind1=" " tag="720">
      <subfield code="a">Flores, Carme</subfield>
      <subfield code="e">author</subfield>
   </datafield>
   <datafield ind2=" " ind1=" " tag="720">
      <subfield code="a">González Davies, María</subfield>
      <subfield code="e">author</subfield>
   </datafield>
   <datafield ind2=" " ind1=" " tag="260">
      <subfield code="c">2012</subfield>
   </datafield>
   <datafield ind2=" " ind1=" " tag="520">
      <subfield code="a">L’article presenta una experiència AICLE en el marc universitari, a través de l’execució de dues assignatures de l’àrea d’educació física dels estudis de Magisteri en llengua anglesa. El projecte suposa una primera experiència pilot de la introducció d’assignatures AICLE a la FPCEE Blanquerna (Universitat Ramon Llull), abans de la plena implementació dels nous plans d’estudi. Es mostra una proposta didàctica pel tractament de les assignatures en format AICLE, així com, una anàlisi de les creences dels estudiants participants entorn l’experiència desenvolupada. La metodologia de la recerca, basada en una investigació acció, ha utilitzat dues estratègies de recollida de dades: els grups de discussió i el diari de classe. L’anàlisi qualitativa de les dades s’ha realitzat amb el suport del ATLAS.ti. Els resultats i la discussió permeten introduir nous indicadors d’interès al debat metodològic de les assignatures en format AICLE en el marc universitari.</subfield>
   </datafield>
   <datafield ind1="8" ind2=" " tag="024">
      <subfield code="a">http://hdl.handle.net/20.500.14342/2073</subfield>
   </datafield>
   <datafield tag="653" ind2=" " ind1=" ">
      <subfield code="a">Educació física -- Ensenyament</subfield>
   </datafield>
   <datafield tag="653" ind2=" " ind1=" ">
      <subfield code="a">Anglès -- Ensenyament</subfield>
   </datafield>
   <datafield tag="653" ind2=" " ind1=" ">
      <subfield code="a">Ensenyament universitari</subfield>
   </datafield>
   <datafield ind2="0" ind1="0" tag="245">
      <subfield code="a">Educació física en anglès : percepcions dels estudiants entorn d'una experiència metodològica en el marc universitari</subfield>
   </datafield>
</record></metadata></record></GetRecord></OAI-PMH>